000 00587nam a2200229Ia 4500
005 20250108125110.0
008 008 250107s9999 xx 000 0 eng d
020 _a978-93-82059-10-3
037 _aTB
040 _aCRL
_beng
_cCRL
041 _aeng
_2eng
084 _a4,45 Q9
084 _qCRL
100 _aKapur Anu Au.
_9600948
245 0 _aAura University of Delhi
_cKapur Anu Au.
260 _aDelhi, India
_bUniversity of Delhi
_c3306
300 _a213p.
365 _aINR
_b795
650 _aEDUCATION
942 _cTB
_h4,45 Q9
999 _c1235694
_d1235694